000 00332nam a2200133Ia 4500
008 191201s2003 xx 000 0 und d
100 _aSENN, James A
245 0 _aAnalysis and Design of Information Systems
250 _a2nd
260 _aN.Delhi
_bM C Graw Hill
_c2003
300 _a853
650 _aB.Tech(CSE)
942 _2ddc
_cBK
999 _c1514
_d1514